000 00200nam a22000857a 4500
008 160715b xxu||||| |||| 00| 0 eng d
100 _92883
_aNCERT
245 _aBiology-XI
260 _aNew Delhi
_bNCERT
_c2010
999 _c2455
_d2455